Visualizzazione normale
Vista MARC
- Negrini V.
di Personal Name
Records bibliografici associati: 1
001 - CONTROL NUMBER
- control field: 23395
003 - CONTROL NUMBER IDENTIFIER
- control field: IT-RoPau
005 - DATE AND TIME OF LATEST TRANSACTION
- control field: 20140501152629.0
008 - FIXED-LENGTH DATA ELEMENTS
- fixed length control field: 140501|| aca||aabn | a|a d
040 ## - CATALOGING SOURCE
- Original cataloging agency: IT-RoPau
- Transcribing agency: IT-RoPau
100 ## - HEADING--PERSONAL NAME
- Personal name: Negrini V.
- Miscellaneous information: Codice autore musica SPICS: 22466
- Relator term: Autore musica
- Name of part/section of a work: Per te domani - Mai dire mai - Santa Lucia - Tu dov'eri - Acqua della luna - Città di donne - Non sei lei - Dall'altra parte
670 ## - SOURCE DATA FOUND
- Source citation: Work cat.: (IT-RoPau)101139: AA.VV. 794, Colore dei pensieri (Il)-Lp Cgd 20686